000 01029cam a2200325 a 4500
001 443128
003 OSt
005 20170301103315.0
008 820429s1982 njua j 000 0 eng
010 _a 82007668
020 _a0136335527 :
_c$7.95
040 _aDLC
_cDLC
_dDLC
042 _alcac
050 0 0 _aPN6371.5
_b.K39 1982
082 0 0 _a818.5402
_219
100 1 _aKeller, Charles.
245 1 0 _aOhm on the range :
_brobot and computer jokes /
_ccompiled by Charles Keller ; illustrated by Art Cumings.
260 _aEnglewood Cliffs, N.J. :
_bPrentice-Hall,
_cc1982.
300 _a[46] p. :
_bill. ;
_c24 cm.
520 _aA collection of robot and computer jokes and riddles.
650 0 _aRiddles, Juvenile.
650 0 _aComputers
_xJuvenile humor.
650 0 _aRobotics
_xJuvenile humor.
650 1 _aRiddles.
650 1 _aComputers
_xWit and humor.
650 1 _aRobots
_xWit and humor.
700 1 _aCumings, Art,
_eill.
906 _a7
_bcbc
_corignew
_d1
_eocip
_f19
_gy-gencatlg
942 _2lcc
_cBK
999 _c255843
_d255842